书目信息 |
| 题名: |
旅游景区景观规划设计
|
|
| 作者: | 成国良 , 曲艳丽 著 | |
| 分册: | ||
| 出版信息: | 济南 山东人民出版社 2017.4 |
|
| 页数: | 279页 | |
| 开本: | 24cm | |
| 丛书名: | 南山学术文库 | |
| 单 册: | ||
| 中图分类: | TU984.181 | |
| 科图分类: | ||
| 主题词: | 旅游区--景观规划 , 旅游区--景观设计 | |
| 电子资源: | ||
| ISBN: | 978-7-209-10306-0 | |
| 000 | 01023nam 2200289 450 | |
| 001 | 0400003097 | |
| 005 | 20171021193319.0 | |
| 010 | @a978-7-209-10306-0@dCNY42.00 | |
| 100 | @a20170905d2017 em y0chiy50 ea | |
| 101 | 0 | @achi |
| 102 | @aCN@b370000 | |
| 105 | @aa z 000yy | |
| 106 | @ar | |
| 200 | 1 | @a旅游景区景观规划设计@9lv you jing qu jing guan gui hua she ji@f成国良,曲艳丽著 |
| 210 | @a济南@c山东人民出版社@d2017.4 | |
| 215 | @a279页@c图@d24cm | |
| 225 | 1 | @a南山学术文库@f徐宏力总主编 |
| 320 | @a有书目(第278-279页) | |
| 330 | @a本书共分七章,对景区旅游景观规划设计的一些基础的概念、原理、原则进行了阐述和梳理;对旅游景观规划设计的相关理论做了深入细致的探讨;对旅游景观系统的构成、特征特点、要素和类别做了深入剖析等。 | |
| 410 | 0 | @12001 @a南山学术文库 |
| 606 | 0 | @a旅游区@x景观规划 |
| 606 | 0 | @a旅游区@x景观设计 |
| 690 | @aTU984.181@v5 | |
| 701 | 0 | @a成国良@9cheng guo liang@4著 |
| 701 | 0 | @a曲艳丽@9qu yan li@4著 |
| 801 | 0 | @aCN@b91MARC@c20171021 |
| 905 | @b1033331-5@dTU984.181@f5@e1166 | |
| 旅游景区景观规划设计/成国良,曲艳丽著.-济南:山东人民出版社,2017.4 |
| 279页:图;24cm.-(南山学术文库/徐宏力总主编) |
| ISBN 978-7-209-10306-0:CNY42.00 |
| 本书共分七章,对景区旅游景观规划设计的一些基础的概念、原理、原则进行了阐述和梳理;对旅游景观规划设计的相关理论做了深入细致的探讨;对旅游景观系统的构成、特征特点、要素和类别做了深入剖析等。 |
| ● |
| 相关链接 |
|
|
|
|
正题名:旅游景区景观规划设计
索取号:TU984.181/1166
 
预约/预借
| 序号 | 登录号 | 条形码 | 馆藏地/架位号 | 状态 | 备注 |
| 1 | 1033331 | 210333316 | 第二样本阅览室/ [索取号:TU984.181/1166] | 在馆 | |
| 2 | 1033332 | 210333325 | 密集书库-生命科学系/ [索取号:TU984.181/1166] | 在馆 | |
| 3 | 1033333 | 210333334 | 第三借阅区/ [索取号:TU984.181/1166] | 在馆 | |
| 4 | 1033334 | 210333343 | 第三借阅区/ [索取号:TU984.181/1166] | 在馆 | |
| 5 | 1033335 | 210333352 | 第三借阅区/ [索取号:TU984.181/1166] | 在馆 |